| 000 | 00620nam a2200253 a 4500 | ||
|---|---|---|---|
| 001 | nice12345678 | ||
| 003 | IN_TiNIC | ||
| 005 | 20260116013834.0 | ||
| 008 | 050524s1994 newa grp 000 0 eng | ||
| 020 |
_a0873953 _c190 |
||
| 082 | 0 | 0 |
_a297.4 _bERN1 |
| 100 | _aErnst, Carl W | ||
| 245 | _aWorlds of Ecstasy in Sufism | ||
| 260 |
_aNew York _bState University of New York Press _c1994 |
||
| 300 | _a184p | ||
| 500 | _aincludes index and biblioraphy | ||
| 505 | 2 | _aindex | |
| 650 | _aSufism | ||
| 650 | _aMysticism | ||
| 700 | 1 | _aErnst, Carl W | |
| 902 | _bSRS | ||
| 942 | _cBK | ||
| 999 |
_c12757 _d12757 |
||